| 000 | 00776nam a22001577a 4500 | ||
|---|---|---|---|
| 003 | OSt | ||
| 005 | 20150918134826.0 | ||
| 008 | 150918b xxu||||| |||| 00| 0 eng d | ||
| 040 | _cRUA | ||
| 082 | _aAGR TAU | ||
| 100 |
_9758 _aTAUCH UNG |
||
| 245 | _aEffect of different animal manure on growth and yield of bitter gourd atroyal university of agriculture,(ឥទ្ធិពលជីលាមកសត្វប្រភេទផ្សេងៗគ្នាទៅលើការលូតលាស់ និងទិន្នផលដំណាំម្រះក្នុងល័ក្ខខណ្ឌដីសាកលវិទ្យាល័យភូមិន្ទកសិកម្ម) | ||
| 260 |
_aphonm penh _bRUA _c2005 |
||
| 300 |
_axi,55p. _cill. _g29cm. |
||
| 942 |
_2ddc _cAGR |
||
| 999 |
_c727 _d727 |
||